| 000 | 00919nam a22001817a 4500 | ||
|---|---|---|---|
| 008 | 121106t xxu||||| |||| 00| 0 eng d | ||
| 020 | _a9810245920 | ||
| 050 | _aQA279.S46 | ||
| 100 | _aSengupta, Debasis | ||
| 245 |
_aLinear models: an integrated approach. / _cDebasis Sengupta and Sreenivasa Rao Jammalamadaka |
||
| 260 |
_aNew Jersey: _bWorld Scientific, _cc2003. |
||
| 300 |
_axxi, 622 p.: _bill.; _c23cm. |
||
| 500 | _aIncludes index. | ||
| 505 | _aContents: Introduction -- Review of linear algebra -- Review of statistical results -- Estimation in the linear model -- Further inference in the linear model -- Analysis of variance in basic designs -- General linear model -- Misspecified or unknown dispersion -- Updates in the general linear model -- Multivariate linear model -- Linear inferences - other perspectives. | ||
| 650 | _bMathematics. | ||
| 700 | _aJammalamadaka, Sreenivas Rao | ||
| 942 |
_2lcc _cBK |
||
| 999 |
_c2506 _d10006 |
||